[Event "7th North Sea Cup"]
[Site "Esbjerg DEN"]
[Date "1982.07.??"]
[Round "10"]
[White "Hoei, Carsten"]
[Black "Jansa, Vlastimil"]
[Result "1-0"]
[WhiteElo "2390"]
[BlackElo "2455"]
[EventDate "1982.07.??"]
[PlyCount "78"]

1.d4 Nf6 2.c4 g6 3.Nc3 d5 4.Nf3 Bg7 5.cxd5 Nxd5 6.e4 Nxc3 7.bxc3 c5 8.Be3 
Bg4 9.Rc1 Qa5 10.Qd2 Bxf3 11.gxf3 Nd7 12.Be2 O-O 13.d5 f5 14.h4 Qc7 15.Bg5
Qd6 16.h5 gxh5 17.Rxh5 f4 18.Rh4 Ne5 19.Bxf4 Qf6 20.Bg5 Nxf3+ 21.Bxf3 Qxf3
22.Qe3 Qxe3+ 23.Bxe3 c4 24.Ke2 Rf6 25.Bg5 Rf7 26.f4 Raf8 27.Ke3 Bf6 28.
Bxf6 Rxf6 29.f5 h6 30.Rg1+ Kf7 31.Kd4 b5 32.Rhg4 Ke8 33.Rg7 Rh8 34.Kc5 a6 
35.a4 bxa4 36.Kb4 h5 37.Rh1 Kf8 38.Rg5 Kf7 39.e5 Rfh6 1-0